[Event "ch-IND National A"]
[Site "Mumbai IND"]
[Date "2009.12.13"]
[EventDate "2009.12.01"]
[Round "12"]
[Result "0-1"]
[White "Abhijeet Gupta"]
[Black "Baskaran Adhiban"]
[WhiteElo "2578"]
[BlackElo "2486"]
[PlyCount "178"]

1. d4 d5 2. c4 c6 3. Nc3 Nf6 4. Nf3 e6 5. Bg5 h6 6. Bxf6 Qxf6
7. e3 Nd7 8. Bd3 dxc4 9. Bxc4 g6 10. O-O Bg7 11. e4 e5 12. d5
O-O 13. Rc1 h5 14. Qe2 Bh6 15. Rc2 Nb6 16. Bb3 Bg4 17. dxc6
bxc6 18. Na4 Rfd8 19. Nc5 Bxf3 20. Qxf3 Qxf3 21. gxf3 Rd4
22. Na6 Rc8 23. Rb1 Kf8 24. Rc5 Nd7 25. Rc3 Nb6 26. Ra1 Bd2
27. Rc2 Bf4 28. a4 Nd7 29. Rc4 Rxc4 30. Bxc4 Ke7 31. a5 Bd2
32. Kf1 Nb8 33. Nc5 Bb4 34. Nd3 Bd6 35. Rc1 Nd7 36. Bb3 Rc7
37. Ke2 Rb7 38. Ba4 c5 39. Rc3 Rc7 40. Rc4 f6 41. Kd2 Nf8
42. b3 Ne6 43. Ke3 Nd4 44. a6 Ke6 45. f4 exf4+ 46. Nxf4+ Bxf4+
47. Kxf4 Kd6 48. Ke3 Nc6 49. Rc1 g5 50. h4 gxh4 51. Rd1+ Ke6
52. Rh1 Ne5 53. f4 Ng4+ 54. Kf3 Rh7 55. Rxh4 Rh8 56. Bb5 f5
57. e5 Kf7 58. Bc6 Kg7 59. Bd7 Kg6 60. Kg3 Ne3 61. Kf2 Rd8
62. Kxe3 Rxd7 63. Rh1 Rh7 64. Rg1+ Kf7 65. Rc1 h4 66. Rxc5 Kg6
67. Kf2 Kh5 68. Kf3 h3 69. Rc1 Kh4 70. e6 h2 71. Kg2 Kg4
72. Kh1 Kxf4 73. Re1 Re7 74. b4 Kg3 75. Re3+ Kf4 76. Re2 Kf3
77. Re5 Kf4 78. Re1 Kg3 79. b5 f4 80. b6 f3 81. Re3 axb6
82. a7 Rxa7 83. Re1 f2 84. Rb1 Re7 85. Rb3+ Kg4 86. Rb4+ Kg5
87. Rb5+ Kg6 88. Rb1 Rxe6 89. Kxh2 Re1 0-1

[Event "ch-IND National A"]
[Site "Mumbai IND"]
[Date "2009.12.14"]
[EventDate "2009.12.01"]
[Round "13"]
[Result "1/2-1/2"]
[White "Baskaran Adhiban"]
[Black "Sethuraman P Sethuraman"]
[WhiteElo "2486"]
[BlackElo "2447"]
[PlyCount "70"]

1. d4 Nf6 2. c4 c6 3. Nf3 d5 4. Nc3 dxc4 5. a4 e6 6. e3 c5
7. Bxc4 Nc6 8. O-O cxd4 9. Nxd4 Bd7 10. Qe2 Qb8 11. Nxc6 Bxc6
12. Bb5 Bd6 13. Bxc6+ bxc6 14. h3 O-O 15. e4 Be5 16. Re1 Qb4
17. a5 Rab8 18. Ra4 Qb7 19. f4 Bxc3 20. bxc3 Qb3 21. Qc4 c5
22. Qxb3 Rxb3 23. Rc4 Rc8 24. Be3 Rb5 25. Ra1 a6 26. Kf2 Kf8
27. Kf3 Ke7 28. f5 Nd7 29. Bf4 e5 30. Be3 Rb3 31. g4 Kd6
32. Rd1+ Kc6 33. Rd5 Kb5 34. Rb4+ Rxb4 35. cxb4 Rc7 1/2-1/2

[Event "9th Asian Continental"]
[Site "Olongapo City PHI"]
[Date "2010.04.21"]
[EventDate "2010.04.21"]
[Round "1"]
[Result "1/2-1/2"]
[White "Li Hanbin"]
[Black "Baskaran Adhiban"]
[WhiteElo "2330"]
[BlackElo "2510"]
[PlyCount "115"]

1. e4 e5 2. Nf3 Nc6 3. Bc4 Nf6 4. d4 exd4 5. e5 d5 6. Bb5 Ne4
7. Nxd4 Bd7 8. Bxc6 bxc6 9. O-O Bc5 10. f3 Ng5 11. f4 Ne4
12. Be3 Bb6 13. Nd2 Nxd2 14. Qxd2 c5 15. Nf3 d4 16. Bf2 Bc6
17. f5 Bxf3 18. gxf3 Qd5 19. Bh4 Kd7 20. Qf4 Rae8 21. Rfe1 Kc6
22. a4 a5 23. Rad1 g6 24. e6 gxf5 25. e7 Rhg8+ 26. Kf1 Rg6
27. b3 Qd6 28. Qxf5 Qxh2 29. Bg5 Qh1+ 30. Kf2 Qh2+ 31. Kf1
Qh1+ 32. Kf2 Qh2+ 33. Kf1 h6 34. Qe4+ Kd7 35. Qf5+ Re6 36. Bf4
Qh1+ 37. Kf2 Qh4+ 38. Kf1 c6 39. Rxe6 fxe6 40. Qe5 Rxe7
41. Qd6+ Ke8 42. Qxc6+ Kf7 43. Bd6 Qh1+ 44. Ke2 Qg2+ 45. Kd3
Qg6+ 46. Kd2 e5 47. Qxb6 Qg5+ 48. Kd3 Qe3+ 49. Kc4 Qe2+
50. Kxc5 Qxc2+ 51. Kd5 Qxd1 52. Bxe7 Qxf3+ 53. Kxe5 Qe3+
54. Kf5 Qxe7 55. Qg6+ Kf8 56. Qxh6+ Kg8 57. Qg6+ Kf8 58. Qh6+
1/2-1/2

[Event "9th Asian Continental"]
[Site "Olongapo City PHI"]
[Date "2010.04.22"]
[EventDate "2010.04.21"]
[Round "2"]
[Result "1/2-1/2"]
[White "Baskaran Adhiban"]
[Black "Jony Habla"]
[WhiteElo "2510"]
[BlackElo "2316"]
[PlyCount "126"]

1. d4 Nf6 2. c4 e6 3. Nf3 d5 4. Nc3 c6 5. g3 Be7 6. Bg2 Nbd7
7. O-O O-O 8. Nd2 Qb6 9. e3 Rd8 10. Qe2 Bf8 11. Rd1 Re8
12. Qf1 h6 13. Rb1 a5 14. b3 Qa7 15. cxd5 exd5 16. Qd3 Nb6
17. Bb2 Bg4 18. Re1 Rad8 19. Nf3 Ne4 20. Nh4 Nd6 21. Ba3 g5
22. Bxd6 Rxd6 23. Nf3 Rf6 24. Ne5 Bf5 25. e4 Bh7 26. Qd2 Rfe6
27. exd5 cxd5 28. Rbd1 Bb4 29. a3 Bxc3 30. Qxc3 Be4 31. Bh3
R6e7 32. f3 Bh7 33. Ng4 Kg7 34. Rxe7 Rxe7 35. Qc5 Re8 36. Ne5
Nc8 37. Bxc8 Qxc5 38. dxc5 Rxc8 39. Rxd5 Bf5 40. Nxf7 Be6
41. Nd6 Bxd5 42. Nxc8 Bxb3 43. Kf2 Kf6 44. Nd6 Bd5 45. Ke3 Ke6
46. f4 gxf4+ 47. gxf4 Bc6 48. f5+ Ke5 49. Nc4+ Kxf5 50. Nxa5
Bd5 51. Kd4 Bg2 52. a4 h5 53. c6 bxc6 54. Kc5 Bf1 55. Nc4 Ke6
56. a5 Bxc4 57. Kxc4 Kd6 58. h4 Kc7 59. Kb4 Kb7 60. Kc5 Ka6
61. Kxc6 Kxa5 62. Kd5 Kb5 63. Ke6 Kc6 1/2-1/2

[Event "9th Asian Continental"]
[Site "Olongapo City PHI"]
[Date "2010.04.23"]
[EventDate "2010.04.21"]
[Round "3"]
[Result "1/2-1/2"]
[White "Emmanuel Senador"]
[Black "Baskaran Adhiban"]
[WhiteElo "2401"]
[BlackElo "2510"]
[PlyCount "145"]

1. b3 e5 2. Bb2 Nc6 3. c4 Nf6 4. e3 d5 5. cxd5 Nxd5 6. d3 Bd6
7. Nf3 O-O 8. Nbd2 f5 9. a3 Qe7 10. b4 Bd7 11. Nc4 b5 12. Nxd6
cxd6 13. Rc1 Nd8 14. Be2 Nf7 15. O-O Be6 16. Re1 Rad8 17. Bf1
Qb7 18. Qc2 Rc8 19. Qd2 Nb6 20. d4 Bd5 21. Nh4 Nc4 22. Bxc4
bxc4 23. dxe5 dxe5 24. f4 Be4 25. fxe5 Qe7 26. e6 Qxh4
27. exf7+ Rxf7 28. Qf2 Qg5 29. Qg3 Qxg3 30. hxg3 Rfc7 31. Bc3
a6 32. Red1 Bd3 33. Be5 Rd7 34. a4 Kf7 35. Rd2 Rd5 36. Bc3 g6
37. Kf2 Ke6 38. Rb2 Rb8 39. Rd1 Rb7 40. Rdd2 h5 41. Rd1 Rb8
42. Rdd2 Rb7 43. Ke1 Rd8 44. Kd1 Rdb8 45. Ke1 Kd5 46. Rd1 Kc6
47. Be5 Re8 48. Bd4 Re4 49. Kd2 Rg4 50. Kc3 Rxg3 51. Ra1 Be4
52. b5+ axb5 53. axb5+ Kd7 54. b6 h4 55. Raa2 Ke6 56. Rf2 g5
57. Ra5 Rxg2 58. Re5+ Kd6 59. Rxg2 Bxg2 60. Rxf5 g4 61. Rh5 h3
62. Kxc4 Ke6 63. Kc5 g3 64. Be5 h2 65. Bxg3 h1=Q 66. Rxh1 Bxh1
67. Bc7 Be4 68. Kd4 Kf5 69. Kc4 Kg4 70. Kc3 Bg2 71. Kd3 Kf5
72. Kd4 Be4 73. Kc3 1/2-1/2

[Event "9th Asian Continental"]
[Site "Olongapo City PHI"]
[Date "2010.04.24"]
[EventDate "2010.04.21"]
[Round "4"]
[Result "1-0"]
[White "Baskaran Adhiban"]
[Black "Nasib Ginting"]
[WhiteElo "2510"]
[BlackElo "2397"]
[PlyCount "87"]

1. e4 c5 2. Nf3 d6 3. d4 cxd4 4. Nxd4 Nf6 5. Nc3 Nc6 6. Bg5 e6
7. Qd2 Be7 8. O-O-O Nxd4 9. Qxd4 O-O 10. f3 a6 11. h4 b5
12. Kb1 Qa5 13. Qd2 b4 14. Ne2 e5 15. c4 Be6 16. Ng3 Rfd8
17. Bd3 Qc5 18. Nf1 Rd7 19. Ne3 Ne8 20. Nd5 Bxd5 21. exd5 a5
22. Be3 Qc7 23. g4 Qd8 24. g5 Bf8 25. h5 Rb8 26. g6 h6 27. Bf5
Rc7 28. gxf7+ Kxf7 29. Be6+ Ke7 30. Qd3 Nf6 31. c5 Rxc5
32. Bxc5 dxc5 33. Rhe1 Qd6 34. Qf5 c4 35. Qxe5 Qxe5 36. Rxe5
Kd6 37. f4 Rb5 38. Bh3 Rc5 39. Re6+ Kc7 40. d6+ Kd8 41. d7 c3
42. bxc3 bxc3 43. Kc2 Rxh5 44. Rc6 1-0

[Event "9th Asian Continental"]
[Site "Olongapo City PHI"]
[Date "2010.04.25"]
[EventDate "2010.04.21"]
[Round "5"]
[Result "0-1"]
[White "Neelotpal Das"]
[Black "Baskaran Adhiban"]
[WhiteElo "2445"]
[BlackElo "2510"]
[PlyCount "42"]

1. d4 Nf6 2. c4 e6 3. Nc3 Bb4 4. Nf3 c5 5. g3 Bxc3+ 6. bxc3
Qa5 7. Bd2 b6 8. Bg2 Bb7 9. O-O O-O 10. Qc2 Be4 11. Qb2 h6
12. Rfd1 Rc8 13. Bf1 Qa4 14. Bf4 Nc6 15. Nd2 Bg6 16. dxc5 bxc5
17. Nb3 e5 18. Be3 Rab8 19. Nxc5 Qxd1 20. Qxb8 Qxf1+ 21. Rxf1
Rxb8 0-1

[Event "9th Asian Continental"]
[Site "Olongapo City PHI"]
[Date "2010.04.26"]
[EventDate "2010.04.21"]
[Round "6"]
[Result "1/2-1/2"]
[White "Baskaran Adhiban"]
[Black "Yu Ruiyuan"]
[WhiteElo "2510"]
[BlackElo "2309"]
[PlyCount "143"]

1. d4 d5 2. c4 c6 3. Nf3 Nf6 4. Nc3 dxc4 5. a4 Bf5 6. Ne5 Nbd7
7. Nxc4 Nb6 8. Ne5 a5 9. f3 Nfd7 10. e4 Nxe5 11. dxe5 Qxd1+
12. Kxd1 Be6 13. Kc2 f6 14. Rb1 fxe5 15. b4 Nc4 16. bxa5 Nxa5
17. Be3 Bc8 18. Bb6 g6 19. Be2 Bg7 20. Rhd1 Kf7 21. Bc7 Re8
22. h4 Bf6 23. g3 Rg8 24. Rh1 h6 25. g4 Be6 26. h5 Rgc8
27. hxg6+ Kxg6 28. Bxa5 Rxa5 29. Rxb7 Bg5 30. Rhb1 Rd8 31. Rd1
Rd4 32. Bd3 Rc5 33. Ra1 Ra5 34. Rb6 Rd6 35. Rb7 Kf6 36. Re1
Rd4 37. Rb6 Rc5 38. Ra1 Be3 39. Ra3 Rd6 40. Rb1 Bd4 41. Rb7
Rd8 42. Rc7 Rb8 43. Be2 Bxc3 44. Rxc3 Bb3+ 45. Kd2 Rxc3
46. Kxc3 Bxa4 47. Kd2 Bb5 48. Ke3 Ra8 49. Bxb5 cxb5 50. Rb7
Ra3+ 51. Kf2 Rb3 52. Rb6+ e6 53. Rb7 b4 54. Kg3 Rb1 55. Rh7 b3
56. Rb7 Kg6 57. Kf2 Kg5 58. Kg3 b2 59. Kg2 Kf4 60. Rb8 Ra1
61. Rxb2 Ra7 62. Rc2 Ra3 63. Rf2 Rb3 64. Rf1 Rb7 65. Rf2 Rg7
66. Rf1 h5 67. Rh1 hxg4 68. Rh4 Ke3 69. Rxg4 Rxg4+ 70. fxg4
Kxe4 71. Kg3 Kd3 72. Kf2 1/2-1/2

[Event "9th Asian Continental"]
[Site "Olongapo City PHI"]
[Date "2010.04.27"]
[EventDate "2010.04.21"]
[Round "7"]
[Result "1/2-1/2"]
[White "Asghar Golizadeh"]
[Black "Baskaran Adhiban"]
[WhiteElo "2454"]
[BlackElo "2510"]
[PlyCount "112"]

1. e4 c6 2. Nc3 d5 3. Nf3 Bg4 4. h3 Bxf3 5. Qxf3 Nf6 6. d3 e6
7. Be2 Nbd7 8. g4 Bd6 9. g5 Ng8 10. h4 Ne7 11. Qg4 Qb6
12. exd5 cxd5 13. Qa4 Rc8 14. Qb3 Bb4 15. a3 Bxc3+ 16. bxc3
Qxb3 17. cxb3 Rxc3 18. Bb2 Rxb3 19. Bxg7 Rg8 20. Bd4 Nf5
21. Bxa7 b6 22. a4 Nd4 23. Bd1 Rxd3 24. Rb1 Ke7 25. Bxb6 Nxb6
26. Rxb6 h6 27. Rb7+ Kd6 28. gxh6 Rh8 29. Rxf7 Rxh6 30. h5 e5
31. Rg1 Kc5 32. Rg6 Rh8 33. Rc7+ Kb4 34. Rb6+ Ka3 35. a5 e4
36. Rc1 Ka2 37. a6 Nf3+ 38. Bxf3 exf3 39. h6 Re8+ 40. Kf1 Rd4
41. Rc2+ Ka1 42. Rc1+ Ka2 43. Rg6 Rh4 44. Rc3 Rh1+ 45. Rg1
Rxh6 46. Rxf3 Rxa6 47. Rg5 Rd8 48. Rd3 Ra5 49. f3 Rb5 50. Kf2
Kb2 51. Rg2 Rc5 52. Ke3+ Rc2 53. Rg5 d4+ 54. Rxd4 Rc3+ 55. Ke4
Rxd4+ 56. Kxd4 Rxf3 1/2-1/2

[Event "9th Asian Continental"]
[Site "Olongapo City PHI"]
[Date "2010.04.28"]
[EventDate "2010.04.21"]
[Round "8"]
[Result "1/2-1/2"]
[White "Baskaran Adhiban"]
[Black "Tejas Bakre"]
[WhiteElo "2510"]
[BlackElo "2465"]
[PlyCount "66"]

1. d4 d5 2. c4 dxc4 3. Nf3 Nf6 4. e3 e6 5. Bxc4 a6 6. O-O c5
7. Bb3 Nc6 8. Qe2 cxd4 9. Rd1 Be7 10. Nc3 O-O 11. Nxd4 Qc7
12. Nxc6 Qxc6 13. e4 b5 14. Bg5 h6 15. Bxf6 Bxf6 16. Nd5 Bd8
17. Rac1 Qb7 18. Qd3 exd5 19. Bxd5 Qa7 20. Bxa8 Qxa8 21. Qxd8
Rxd8 22. Rxd8+ Kh7 23. Re8 Qa7 24. Rcxc8 Qd4 25. h4 Qd1+
26. Kh2 Qe2 27. f3 Qe1 28. Kh3 h5 29. Rh8+ Kg6 30. Rc5 Qh1+
31. Kg3 Qe1+ 32. Kh3 Qh1+ 33. Kg3 Qe1+ 1/2-1/2

[Event "9th Asian Continental"]
[Site "Olongapo City PHI"]
[Date "2010.04.29"]
[EventDate "2010.04.21"]
[Round "9"]
[Result "1-0"]
[White "Wan Yunguo"]
[Black "Baskaran Adhiban"]
[WhiteElo "2424"]
[BlackElo "2510"]
[PlyCount "67"]

1. e4 c6 2. d4 d5 3. exd5 cxd5 4. Bd3 Nc6 5. c3 Nf6 6. Bf4 g6
7. Nf3 Bf5 8. Bxf5 gxf5 9. Qb3 Qd7 10. Ne5 Qc8 11. O-O Rg8
12. Na3 e6 13. Rfe1 a6 14. c4 dxc4 15. Naxc4 Nxd4 16. Qd1 Qc5
17. b4 Qd5 18. Ne3 Qd8 19. Nf3 Nc6 20. Qb3 Ne4 21. b5 Na5
22. Qa4 Nc5 23. Qc2 Qd3 24. Qc1 Qxb5 25. Nd5 O-O-O 26. Nd4
Rxd5 27. Nxb5 axb5 28. Rd1 Nc4 29. Rxd5 exd5 30. Qb1 Ne4
31. Qxb5 Bc5 32. Rb1 Bxf2+ 33. Kf1 Bb6 34. Qxd5 1-0

[Event "Chess Olympiad"]
[Site "Khanty-Mansiysk RUS"]
[Date "2010.09.23"]
[EventDate "2010.09.21"]
[Round "3"]
[Result "1/2-1/2"]
[White "David Arenas"]
[Black "Baskaran Adhiban"]
[WhiteElo "2457"]
[BlackElo "2516"]
[PlyCount "151"]

1. e4 c6 2. d4 d5 3. e5 Bf5 4. Nf3 e6 5. Be2 Nd7 6. O-O h6
7. b3 Ne7 8. c4 Bh7 9. Bb2 Ng6 10. Bd3 Bb4 11. Nc3 O-O 12. Qc2
Re8 13. Ne2 Rc8 14. c5 Ba5 15. Bc3 Bc7 16. Ne1 Ndf8 17. f4 Ne7
18. g4 h5 19. h3 hxg4 20. hxg4 f5 21. g5 a5 22. a3 Bg6 23. Ng3
b6 24. b4 Ra8 25. Be2 Nd7 26. Nd3 Kf7 27. Kg2 Rh8 28. Rh1 Rxh1
29. Rxh1 axb4 30. Bxb4 b5 31. Qc3 Ba5 32. Ra1 Ra7 33. Nf1 Qa8
34. Bxa5 Rxa5 35. Ne3 Nb8 36. Nc2 Ra4 37. Ncb4 Na6 38. Nb2 Ra5
39. a4 Nc7 40. Bd1 Ra7 41. Qb3 Ra5 42. Be2 Qh8 43. Rh1 Qa8
44. Ra1 Qh8 45. Ra2 Qh4 46. Qg3 Qxg3+ 47. Kxg3 bxa4 48. Rxa4
Rxa4 49. Nxa4 Ke8 50. Kf2 Kd8 51. Ke3 Be8 52. Nc3 Kc8 53. Na6
Nxa6 54. Bxa6+ Kc7 55. Be2 Bd7 56. Na2 Bc8 57. Nb4 g6 58. Kd2
Ng8 59. Kc3 Ne7 60. Kb3 Ng8 61. Ka4 Ne7 62. Ka5 Ng8 63. Ba6
Bd7 64. Nd3 Ne7 65. Nb2 Nc8 66. Na4 Na7 67. Nb6 Be8 68. Be2
Kb7 69. Bd3 Kb8 70. Ka6 Nb5 71. Bxb5 cxb5 72. Ka5 Kb7 73. Kb4
Bc6 74. Ka5 Be8 75. Kb4 Bc6 76. Ka5 1/2-1/2

[Event "Chess Olympiad"]
[Site "Khanty-Mansiysk RUS"]
[Date "2010.09.27"]
[EventDate "2010.09.21"]
[Round "6"]
[Result "1/2-1/2"]
[White "Baskaran Adhiban"]
[Black "Gadir Guseinov"]
[WhiteElo "2516"]
[BlackElo "2611"]
[PlyCount "52"]

1. e4 c5 2. Nf3 Nc6 3. d4 cxd4 4. Nxd4 g6 5. c4 Bg7 6. Be3 Nf6
7. Nc3 O-O 8. Be2 d6 9. f3 Bd7 10. Qd2 a5 11. Ndb5 a4 12. Rc1
Qa5 13. O-O Rfc8 14. f4 Be6 15. f5 Bd7 16. c5 Ne5 17. cxd6
Bxb5 18. Nxb5 Qxd2 19. Bxd2 Nxe4 20. dxe7 Nxd2 21. Rxc8+ Rxc8
22. Nd6 Rb8 23. Rd1 Nc6 24. fxg6 hxg6 25. Rxd2 Nxe7 26. Bc4
Rd8 1/2-1/2

[Event "Chess Olympiad"]
[Site "Khanty-Mansiysk RUS"]
[Date "2010.09.29"]
[EventDate "2010.09.21"]
[Round "8"]
[Result "1/2-1/2"]
[White "Handszar Odeev"]
[Black "Baskaran Adhiban"]
[WhiteElo "2397"]
[BlackElo "2516"]
[PlyCount "104"]

1. e4 c5 2. Nf3 d6 3. d4 cxd4 4. Nxd4 Nf6 5. Nc3 a6 6. Be3 e5
7. Nf3 Be7 8. Be2 O-O 9. O-O h6 10. Nd5 Nbd7 11. Nxe7+ Qxe7
12. Nd2 d5 13. exd5 Nxd5 14. Nc4 N7f6 15. Qc1 Bf5 16. Nb6 Nxb6
17. Bxb6 Nd5 18. Be3 Nb4 19. Bd1 Rac8 20. c3 Bd3 21. Re1 Bg6
22. Qd2 Rcd8 23. Qe2 Nd3 24. Rf1 f5 25. f4 Rfe8 26. Bb6 Rd6
27. Bb3+ Kh7 28. fxe5 Rxb6 29. Qxd3 Qxe5 30. Qd4 Qxd4+
31. cxd4 a5 32. Rad1 Rb4 33. Rf2 Rd8 34. Rfd2 Bh5 35. Rf1 Bg6
36. Rfd1 Rd6 37. d5 a4 38. Bc2 Rxb2 39. Bxa4 Rxd2 40. Rxd2 Bf7
41. Bb3 Kg6 42. Kf2 Kf6 43. h4 g5 44. hxg5+ hxg5 45. Rd1 Rd7
46. Rd4 Ke5 47. Rb4 Bxd5 48. Rb5 Ke4 49. Rb4+ Ke5 50. Rb5 Ke6
51. Rb6+ Ke5 52. Rb5 Ke4 1/2-1/2

[Event "Chess Olympiad"]
[Site "Khanty-Mansiysk RUS"]
[Date "2010.09.30"]
[EventDate "2010.09.21"]
[Round "9"]
[Result "1-0"]
[White "Mateusz Bartel"]
[Black "Baskaran Adhiban"]
[WhiteElo "2599"]
[BlackElo "2516"]
[PlyCount "79"]

1. d4 d5 2. c4 c6 3. Nf3 Nf6 4. Qc2 g6 5. Bf4 dxc4 6. Qxc4 Bg7
7. Nc3 O-O 8. e4 b5 9. Qb3 Na6 10. e5 Be6 11. exf6 Bxb3
12. fxg7 Re8 13. axb3 Nb4 14. Rc1 c5 15. dxc5 e5 16. Be3 f5
17. Bxb5 f4 18. Rd1 Qf6 19. Ne4 Qxg7 20. Rd7 Re7 21. Bc4+ Kh8
22. Rxe7 Qxe7 23. Bd2 Nc2+ 24. Kd1 Nd4 25. Nxd4 exd4 26. Re1
Rf8 27. f3 h6 28. b4 Qd7 29. b5 g5 30. c6 Qe7 31. Kc2 a6
32. bxa6 Qc7 33. Bb4 Qxc6 34. Bc5 d3+ 35. Kxd3 Rd8+ 36. Kc3
Qa4 37. Nd6 Kg7 38. Re7+ Kg6 39. Re6+ Kh7 40. Bd3+ 1-0

[Event "16th Asian Games (Men Teams)"]
[Site "Guangzhou CHN"]
[Date "2010.11.18"]
[EventDate "2010.11.18"]
[Round "1"]
[Result "1-0"]
[White "Baskaran Adhiban"]
[Black "Semetey Tologontegin"]
[WhiteElo "2515"]
[BlackElo "2330"]
[PlyCount "99"]

1. e4 c6 2. d4 d5 3. e5 Bf5 4. Nf3 e6 5. Be2 Bb4+ 6. c3 Ba5
7. O-O Nd7 8. Re1 Ne7 9. Nh4 Bg6 10. Nd2 O-O 11. f4 Bb6
12. Nxg6 hxg6 13. Nf3 c5 14. Be3 cxd4 15. cxd4 Rc8 16. Bd3 Nc6
17. a3 Na5 18. Qe2 a6 19. Rad1 Re8 20. Bf2 Nf8 21. h4 Qc7
22. g3 Qd7 23. Kg2 Rc6 24. Rh1 Rec8 25. Ng5 Nb3 26. Bb1 Rc1
27. h5 Bd8 28. hxg6 fxg6 29. Nf3 Qf7 30. Rxc1 Nxc1 31. Qd1 Qd7
32. Be3 Qb5 33. Bxc1 Rxc1 34. Qxc1 Qe2+ 35. Kh3 Qxf3 36. Qd1
Qe3 37. Re1 Qf2 38. Re2 Qf3 39. Rd2 Qe3 40. Qe2 Qb3 41. Rc2
Bb6 42. Rc8 Kf7 43. Bc2 Qa2 44. Qd2 Qa1 45. Kg2 a5 46. Rb8 Kg8
47. Bxg6 Qa2 48. Qc2 Bxd4 49. Rxf8+ Kxf8 50. Qc8+ 1-0

[Event "16th Asian Games (Men Teams)"]
[Site "Guangzhou CHN"]
[Date "2010.11.22"]
[EventDate "2010.11.18"]
[Round "5"]
[Result "0-1"]
[White "Baskaran Adhiban"]
[Black "Eugenio Torre"]
[WhiteElo "2515"]
[BlackElo "2484"]
[PlyCount "148"]

1. e4 e5 2. Nf3 Nc6 3. Bc4 Nf6 4. d3 Be7 5. O-O O-O 6. Bb3 d6
7. c3 Na5 8. Bc2 c5 9. a3 Nc6 10. b4 Re8 11. Nbd2 Bf8 12. Bb2
Bg4 13. h3 Bh5 14. Re1 a6 15. Nf1 d5 16. Ng3 Bg6 17. Bb3 b5
18. Nh4 d4 19. cxd4 Nxd4 20. Bxd4 Qxd4 21. Ngf5 Qd7 22. Nxg6
hxg6 23. Nh4 Rad8 24. Re3 c4 25. dxc4 Qxd1+ 26. Bxd1 bxc4
27. Be2 a5 28. Bxc4 Rd4 29. Bb3 axb4 30. axb4 Rxb4 31. Ra7 Re7
32. Rxe7 Bxe7 33. Nxg6 Bc5 34. Rd3 Rxb3 35. Rxb3 fxg6 36. Rb8+
Kh7 37. Kf1 Nxe4 38. f3 Ng3+ 39. Ke1 g5 40. Rc8 Bd4 41. Rc6
Nf5 42. Kf1 Kg8 43. Rg6 Kf7 44. Rc6 Ne7 45. Ra6 Nd5 46. g3
Ne3+ 47. Kf2 g4 48. hxg4 Nxg4+ 49. Ke2 Nf6 50. f4 e4 51. Ra4
Bb6 52. Rb4 Nd5 53. Rc4 Nf6 54. Rc6 Bg1 55. Rc1 Bb6 56. Rc6
Bd8 57. Ke3 Ke7 58. g4 Kd7 59. Ra6 Bb6+ 60. Rxb6 Nd5+ 61. Kxe4
Nxb6 62. f5 Ke7 63. g5 Kf7 64. Kd4 Nd7 65. Kd5 Ke8 66. Ke6
Nf8+ 67. Ke5 Nh7 68. Kf4 Nf8 69. Ke4 Kd7 70. Ke5 Nh7 71. Kf4
Kd6 72. f6 g6 73. Kg4 Ke5 74. Kh4 Kf5 0-1

[Event "48th ch-IND"]
[Site "New Delhi IND"]
[Date "2010.12.22"]
[EventDate "2010.12.09"]
[Round "13"]
[Result "1/2-1/2"]
[White "Geetha Narayanan Gopal"]
[Black "Baskaran Adhiban"]
[WhiteElo "2609"]
[BlackElo "2515"]
[PlyCount "83"]

1. e4 c5 2. Nf3 d6 3. d4 cxd4 4. Nxd4 Nf6 5. Nc3 Nc6 6. Bg5 e6
7. Qd2 Qb6 8. Bxf6 gxf6 9. Nb3 Bd7 10. O-O-O O-O-O 11. f4 h5
12. Kb1 Kb8 13. Be2 Na5 14. Rhf1 Be7 15. Rf3 Nxb3 16. axb3
Rdg8 17. Bf1 Bc6 18. Rh3 Qa5 19. Qe2 h4 20. f5 Qe5 21. Qf2 Rg4
22. Be2 Rf4 23. Bf3 Bxe4 24. Nxe4 Qxe4 25. g4 e5 26. Qg2 Qb4
27. Qe2 a6 28. Bd5 Rxg4 29. Bxf7 Rh7 30. Be6 Rhg7 31. Rc3 Qb6
32. Bd5 Rg1 33. Rd3 Rxd1+ 34. Rxd1 Rg1 35. h3 Bf8 36. Qh5
Rxd1+ 37. Qxd1 Bh6 38. Qh5 Bg5 39. Qe8+ Ka7 40. Qd7 Kb8
41. Qe8+ Ka7 42. Qd7 1/2-1/2

[Event "48th ch-IND"]
[Site "New Delhi IND"]
[Date "2010.12.13"]
[EventDate "2010.12.09"]
[Round "5"]
[Result "1-0"]
[White "Baskaran Adhiban"]
[Black "Sundar M Shyam"]
[WhiteElo "2515"]
[BlackElo "2439"]
[PlyCount "50"]

1. d4 d5 2. c4 e6 3. Nc3 c5 4. e3 Nf6 5. Nf3 Nc6 6. cxd5 exd5
7. Bb5 a6 8. Bxc6+ bxc6 9. O-O Bd6 10. dxc5 Bxc5 11. e4 Nxe4
12. Nxe4 dxe4 13. Qxd8+ Kxd8 14. Ng5 Re8 15. Nxf7+ Kc7
16. Bf4+ Kb7 17. Rac1 Bf8 18. Rfd1 Be6 19. Nd6+ Bxd6 20. Rxd6
Rac8 21. h4 h6 22. Rc5 Bg4 23. Rg6 Be2 24. Rxg7+ Ka8 25. Bxh6
Rh8 1-0

[Event "48th ch-IND"]
[Site "New Delhi IND"]
[Date "2010.12.14"]
[EventDate "2010.12.09"]
[Round "6"]
[Result "1/2-1/2"]
[White "Babu M R Lalith"]
[Black "Baskaran Adhiban"]
[WhiteElo "2481"]
[BlackElo "2515"]
[PlyCount "49"]

1. Nf3 d5 2. d4 Nf6 3. c4 e6 4. Nc3 c6 5. g3 Nbd7 6. Bg2 dxc4
7. O-O Be7 8. e4 O-O 9. Bf4 Re8 10. a4 a5 11. Qe2 b6 12. Nd2
Ba6 13. Nxc4 Nf8 14. Rfd1 Ng6 15. Be3 Rc8 16. b3 Bb4 17. Na2
Nd5 18. exd5 cxd5 19. Nxb4 axb4 20. Qd2 dxc4 21. Qxb4 Ne7
22. Bf1 Qd5 23. Bg2 Qd8 24. Bf1 Qd5 25. Bg2 1/2-1/2

[Event "48th ch-IND"]
[Site "New Delhi IND"]
[Date "2010.12.15"]
[EventDate "2010.12.09"]
[Round "7"]
[Result "1/2-1/2"]
[White "Baskaran Adhiban"]
[Black "Praveen Mahadeo Thipsay"]
[WhiteElo "2515"]
[BlackElo "2465"]
[PlyCount "182"]

1. d4 Nf6 2. c4 g6 3. Nc3 Bg7 4. e4 d6 5. Nf3 O-O 6. h3 e5
7. d5 a5 8. g4 Na6 9. Be3 Nc5 10. Nd2 Bd7 11. Be2 c6 12. g5
Ne8 13. h4 Nc7 14. h5 cxd5 15. exd5 N7a6 16. Nde4 Bf5 17. f3
a4 18. Qd2 Qa5 19. Nf6+ Bxf6 20. gxf6 Nd7 21. Nb5 Nb4 22. Kf2
Ra6 23. Rad1 Nxf6 24. Bg5 Nd7 25. a3 Nc2 26. Qxa5 Rxa5
27. Nxd6 Nd4 28. Bh6 Bc2 29. Rd2 Rb8 30. Be3 Nxe2 31. Kxe2 Bb3
32. hxg6 fxg6 33. Kf2 b6 34. Kg3 Ra7 35. Rdh2 Nf6 36. Bg5 Nh5+
37. Rxh5 gxh5 38. Bf6 b5 39. Nxb5 Ra6 40. Bxe5 Rg6+ 41. Kf2
Re8 42. Rxh5 Bxc4 43. Nc7 Rd8 44. Rh4 Bb3 45. d6 Rdxd6
46. Bxd6 Rxd6 47. Ke3 Rc6 48. Nb5 Rc2 49. Nc3 Rxb2 50. Rb4 Rc2
51. Nxa4 Bxa4 52. Rxa4 h5 53. Kf4 Rc3 54. Ra8+ Kg7 55. a4 h4
56. Kg4 h3 57. Kxh3 Rxf3+ 58. Kg4 Ra3 59. a5 Rd3 60. Kf5 Rd5+
61. Ke6 Rb5 62. Ra7+ Kg8 63. Kd6 Rf5 64. Ke6 Rc5 65. Kf6 Rc6+
66. Ke7 Rc5 67. Ra8+ Kg7 68. a6 Rc6 69. Ra7 Rf6 70. Kd8+ Kg8
71. Kc8 Rf8+ 72. Kb7 Rf7+ 73. Kb6 Rf6+ 74. Kc5 Kh8 75. Kb5
Rf5+ 76. Kc6 Rf6+ 77. Kd5 Rg6 78. Kc5 Rg5+ 79. Kd6 Rg6+
80. Kd5 Rf6 81. Ke5 Rb6 82. Ra8+ Kh7 83. Kd5 Rg6 84. Ra7+ Kh8
85. Kc5 Rg5+ 86. Kc4 Rg4+ 87. Kd5 Rg6 88. Ra8+ Kh7 89. a7 Ra6
90. Kc5 Ra1 91. Kb6 Rb1+ 1/2-1/2

[Event "48th ch-IND"]
[Site "New Delhi IND"]
[Date "2010.12.17"]
[EventDate "2010.12.09"]
[Round "8"]
[Result "1-0"]
[White "Baskaran Adhiban"]
[Black "Rajaram R Laxman"]
[WhiteElo "2515"]
[BlackElo "2479"]
[PlyCount "77"]

1. d4 Nf6 2. c4 e6 3. Nf3 Bb4+ 4. Nbd2 d5 5. Qa4+ Nc6 6. a3
Be7 7. e3 Bd7 8. Qc2 a5 9. b3 O-O 10. Bd3 Re8 11. Bb2 Bf8
12. O-O g6 13. e4 dxe4 14. Nxe4 Nxe4 15. Bxe4 Bg7 16. Rad1 Qc8
17. Rfe1 Nd8 18. Ne5 f6 19. Nxd7 Qxd7 20. f4 c6 21. d5 cxd5
22. cxd5 e5 23. f5 g5 24. d6 Nc6 25. Bd5+ Kh8 26. Be6 Rxe6
27. fxe6 Qxe6 28. b4 axb4 29. axb4 Rc8 30. d7 Rf8 31. b5 Nd8
32. Ba3 Rg8 33. Qc7 e4 34. Bc5 f5 35. Bd4 Bxd4+ 36. Rxd4 Qf6
37. Rd5 Nf7 38. Qc5 f4 39. Rxe4 1-0

[Event "48th ch-IND"]
[Site "New Delhi IND"]
[Date "2010.12.18"]
[EventDate "2010.12.09"]
[Round "9"]
[Result "1/2-1/2"]
[White "Parimarjan Negi"]
[Black "Baskaran Adhiban"]
[WhiteElo "2603"]
[BlackElo "2515"]
[PlyCount "81"]

1. e4 c6 2. d4 d5 3. Nc3 dxe4 4. Nxe4 Bf5 5. Ng3 Bg6 6. h4 h6
7. Nf3 Nd7 8. h5 Bh7 9. Bd3 Bxd3 10. Qxd3 e6 11. Bd2 Ngf6
12. O-O-O Be7 13. Ne4 Nxe4 14. Qxe4 Nf6 15. Qd3 O-O 16. g4
Nxg4 17. Qe2 Kh8 18. c4 f5 19. Rhg1 Qe8 20. Bf4 Rd8 21. Ne5
Nxe5 22. Bxe5 Rf7 23. Rg6 Kh7 24. Rdg1 Bf8 25. Qf3 Re7 26. c5
Rd5 27. Qg3 Qf7 28. Bd6 Rd7 29. Bxf8 Qxf8 30. Rxe6 Re7
31. Qg6+ Kg8 32. Rge1 Rdd7 33. a3 Qf7 34. Rxe7 Rxe7 35. Rxe7
Qxe7 36. Qxf5 Qe1+ 37. Kc2 Qe2+ 38. Kc3 Qe1+ 39. Kc2 Qe2+
40. Kb3 Qd1+ 41. Kc3 1/2-1/2